000
00236nam a2200097Ia 4500
008
220204s9999 xx 000 0 und d
082
_a
019.4(73)
_b
BOO
245
0
_a
Books in print. 1985-86. 6 V
260
_a
New York
_b
Bowker
942
_c
BK
999
_c
39093
_d
39093